[Event "HUN-chT2 Toth 1617"]
[Site "Hungary"]
[Date "2017.01.29"]
[Round "7.7"]
[White "Toth, Kazmer"]
[Black "Papp, Bence"]
[Result "0-1"]
[WhiteElo "1946"]
[BlackElo "1793"]
[PlyCount "86"]
[EventDate "2016.09.25"]
[EventType "team-tourn"]
[EventRounds "11"]
[EventCountry "HUN"]
[SourceTitle "EXT 2021"]
[Source "ChessBase"]
[SourceDate "2020.10.23"]
[SourceVersion "1"]
[SourceVersionDate "2020.10.23"]
[SourceQuality "1"]
[WhiteTeam "Felegyhaza Csongrad"]
[BlackTeam "Szeged Meritum"]
[WhiteTeamCountry "HUN"]
[BlackTeamCountry "HUN"]

1. d4 Nf6 2. c4 e6 3. Nc3 d5 4. Bg5 Be7 5. Nf3 0-0 6. e3 b6 7. Bxf6 Bxf6 8. cxd5 exd5 9. Bd3 Be6 10. Qc2 h6 11. h3 c5 12. 0-0 Nc6 13. dxc5 bxc5 14. a3 Rb8 15. Rab1 Qc8 16. Rfe1 c4 17. Bf1 Bf5 18. e4 Bxc3 19. Qxc3 Bxe4 20. Rbd1 Rb3 21. Qc1 Bxf3 22. gxf3 Qf5 23. f4 g5 24. fxg5 Ne5 25. Re3 Qxg5+ 26. Kh1 Rxe3 27. Qxe3 Qxe3 28. fxe3 Rd8 29. Kg2 f6 30. Kg3 Kf7 31. Kf4 Ke6 32. h4 Ng6+ 33. Kg4 Rg8 34. Bh3 Ke5 35. Kh5 Ne7 36. Bg4 Ke4 37. Be6 Rd8 38. Rf1 f5 39. Bf7 Rd6 40. Rg1 Rf6 41. Bg6 Rxg6 42. Rxg6 Nxg6 43. Kxg6 Kxe3 0-1

[Event "Senta-ch"]
[Site "Senta"]
[Date "2016.01.24"]
[Round "3"]
[White "Toth, Kazmer"]
[Black "Bilic, Marijana"]
[Result "1-0"]
[WhiteElo "1939"]
[BlackElo "1670"]
[PlyCount "71"]
[EventDate "2016.01.22"]
[EventType "swiss"]
[EventRounds "9"]
[EventCountry "SRB"]
[SourceTitle "CBM 170 Extra"]
[Source "ChessBase"]
[SourceDate "2016.02.25"]
[SourceVersion "1"]
[SourceVersionDate "2016.02.25"]
[SourceQuality "1"]

1. d4 Nf6 2. c4 e6 3. Nc3 Bb4 4. Bg5 h6 5. Bh4 0-0 6. Qd3 Be7 7. e4 d6 8. Nf3 Nd5 9. Bg3 Nxc3 10. Qxc3 Nc6 11. Be2 d5 12. 0-0-0 dxe4 13. Ne5 Nb4 14. Kb1 a5 15. a3 Na6 16. Qc2 c6 17. Qxe4 Qb6 18. c5 Qa7 19. f4 Nb8 20. Bd3 f5 21. Qe2 Bf6 22. Ng6 Rd8 23. Bf2 b5 24. cxb6 Qxb6 25. d5 Qb7 26. dxe6 Re8 27. Bxf5 Na6 28. Bd4 Bxd4 29. Rxd4 Rb8 30. Rd2 Nc5 31. Qc4 Nxe6 32. g4 Bd7 33. Re1 Qc8 34. Rxd7 Qxd7 35. Bxe6+ Rxe6 36. Qxe6+ 1-0

[Event "Senta-ch"]
[Site "Senta"]
[Date "2016.01.22"]
[Round "1"]
[White "Toth, Kazmer"]
[Black "Boros, Aron"]
[Result "1-0"]
[WhiteElo "1939"]
[BlackElo "1397"]
[PlyCount "49"]
[EventDate "2016.01.22"]
[EventType "swiss"]
[EventRounds "9"]
[EventCountry "SRB"]
[SourceTitle "CBM 170 Extra"]
[Source "ChessBase"]
[SourceDate "2016.02.25"]
[SourceVersion "1"]
[SourceVersionDate "2016.02.25"]
[SourceQuality "1"]

1. d4 d5 2. c4 c6 3. Nc3 Nf6 4. Nf3 Bg4 5. e3 Nbd7 6. Be2 e6 7. b3 Bb4 8. Bd2 Bxc3 9. Bxc3 Ne4 10. Bb2 Ndf6 11. 0-0 0-0 12. Ne5 Bxe2 13. Qxe2 Qa5 14. f3 Nc3 15. Qe1 Ne2+ 16. Qxe2 Qc7 17. Rac1 h6 18. e4 dxe4 19. fxe4 Rad8 20. Rxf6 gxf6 21. Ng4 Rfe8 22. Nxf6+ Kf8 23. e5 Ke7 24. Ba3+ c5 25. Bxc5+ 1-0

[Event "HUN-chT2 Toth 1516"]
[Site "Hungary"]
[Date "2015.09.13"]
[Round "1.4"]
[White "Toth, Kazmer"]
[Black "Kovacs, Robert"]
[Result "0-1"]
[WhiteElo "1944"]
[BlackElo "2108"]
[PlyCount "36"]
[EventDate "2015.09.13"]
[EventType "team-tourn"]
[EventRounds "11"]
[EventCountry "HUN"]
[SourceTitle "CBM 170 Extra"]
[Source "ChessBase"]
[SourceDate "2016.02.25"]
[SourceVersion "1"]
[SourceVersionDate "2016.02.25"]
[SourceQuality "1"]
[WhiteTeam "Felegyhaza Csongrad"]
[BlackTeam "Karcag"]
[WhiteTeamCountry "HUN"]
[BlackTeamCountry "HUN"]

1. d4 Nf6 2. c4 e5 3. dxe5 Ng4 4. Nf3 Bc5 5. e3 Nc6 6. a3 a5 7. Be2 Ngxe5 8. Nbd2 d6 9. Rb1 0-0 10. Qc2 Be6 11. b3 f5 12. Bb2 f4 13. Nxe5 Nxe5 14. e4 Qg5 15. Bf1 f3 16. gxf3 Bxf2+ 17. Kxf2 Ng4+ 18. Ke1 Qe3+ 0-1

[Event "Senta op 19th"]
[Site "Senta"]
[Date "2015.07.13"]
[Round "4"]
[White "Engi, Igor"]
[Black "Toth, Kazmer"]
[Result "0-1"]
[WhiteElo "1652"]
[BlackElo "1946"]
[PlyCount "56"]
[EventDate "2015.07.11"]
[EventType "swiss"]
[EventRounds "9"]
[EventCountry "SRB"]
[SourceTitle "EXT 2016"]
[Source "ChessBase"]
[SourceDate "2015.10.08"]
[SourceVersion "1"]
[SourceVersionDate "2015.10.08"]
[SourceQuality "1"]

1. e4 d6 2. d4 Nf6 3. Nc3 g6 4. Nf3 c6 5. h3 Bg7 6. Bc4 b5 7. Bd3 b4 8. Ne2 0-0 9. 0-0 Bb7 10. Bf4 Nbd7 11. a3 a5 12. Qd2 c5 13. d5 Qc7 14. Bh6 c4 15. Bxg7 Kxg7 16. axb4 axb4 17. Qxb4 cxd3 18. cxd3 Ba6 19. Rfd1 Rfb8 20. Qd2 Qb6 21. Rdb1 Nc5 22. Nc1 Bxd3 23. Nxd3 Rxa1 24. Rxa1 Nb3 25. Qd1 Nxa1 26. Qxa1 Nxe4 27. Qe1 Nf6 28. Qxe7 Re8 0-1

[Event "Senta op 19th"]
[Site "Senta"]
[Date "2015.07.11"]
[Round "1"]
[White "Toth, Kazmer"]
[Black "Arsovic, Zoran"]
[Result "0-1"]
[WhiteElo "1946"]
[BlackElo "2418"]
[PlyCount "112"]
[EventDate "2015.07.11"]
[EventType "swiss"]
[EventRounds "9"]
[EventCountry "SRB"]
[SourceTitle "EXT 2016"]
[Source "ChessBase"]
[SourceDate "2015.10.08"]
[SourceVersion "1"]
[SourceVersionDate "2015.10.08"]
[SourceQuality "1"]

1. d4 Nf6 2. c4 g6 3. Nc3 Bg7 4. Nf3 d6 5. Bg5 h6 6. Bxf6 Bxf6 7. e3 0-0 8. Bd3 e5 9. dxe5 dxe5 10. Qc2 Na6 11. a3 Nc5 12. Be2 Bf5 13. e4 Bg4 14. Rd1 Qe8 15. b4 Ne6 16. Nd5 Bg7 17. 0-0 c6 18. Nc3 Qe7 19. c5 Rfd8 20. Rxd8+ Rxd8 21. Rd1 Nf4 22. h3 Be6 23. Bf1 h5 24. Ne2 Re8 25. Rd6 Qf6 26. Nxf4 Qxf4 27. Be2 Bf8 28. Rd1 Be7 29. g3 Qf6 30. Kg2 b5 31. cxb6 axb6 32. Qc3 c5 33. bxc5 Bxc5 34. Bb5 Re7 35. a4 g5 36. Rd8+ Kg7 37. Qd2 g4 38. hxg4 hxg4 39. Qg5+ Qxg5 40. Nxg5 Bb3 41. Rd3 Ba2 42. Rd2 Bb1 43. Rb2 Kg6 44. Rxb1 Kxg5 45. Rd1 Bd4 46. f4+ gxf3+ 47. Kxf3 Rc7 48. Rd2 Rc3+ 49. Kg2 f5 50. exf5 Kxf5 51. Rd3 Rc2+ 52. Kh3 Kg5 53. Bd7 Bg1 54. g4 Kf4 55. Kh4 Rh2+ 56. Rh3 Bf2+ 0-1

[Event "Senta-ch"]
[Site "Senta"]
[Date "2015.02.01"]
[Round "3"]
[White "Solymosi, Andras"]
[Black "Toth, Kazmer"]
[Result "1/2-1/2"]
[WhiteElo "1957"]
[BlackElo "1974"]
[PlyCount "138"]
[EventDate "2015.01.30"]
[EventType "swiss"]
[EventRounds "9"]
[EventCountry "SRB"]
[SourceTitle "EXT 2016"]
[Source "ChessBase"]
[SourceDate "2015.10.08"]
[SourceVersion "1"]
[SourceVersionDate "2015.10.08"]
[SourceQuality "1"]

1. c4 c5 2. Nf3 Nf6 3. g3 g6 4. Bg2 Bg7 5. 0-0 0-0 6. Nc3 Nc6 7. d4 cxd4 8. Nxd4 a6 9. Rb1 e6 10. Nc2 Qc7 11. b4 Ne7 12. Qd3 Rd8 13. e4 d5 14. Rd1 Bd7 15. exd5 exd5 16. Bf4 Qc8 17. c5 Qc6 18. Nd4 Qc8 19. Rbc1 Nf5 20. Bg5 Be6 21. Na4 Nxd4 22. Nb6 Qc6 23. Nxa8 Rxa8 24. Qxd4 Ne4 25. Qe3 Nxg5 26. Qxg5 h6 27. Qe3 Rd8 28. Rc2 Qb5 29. a3 d4 30. Bf1 Qd7 31. Qd3 Bf5 32. Qb3 Bxc2 33. Qxc2 Qc7 34. Bc4 Kf8 35. Re1 a5 36. Qe4 Bf6 37. Qf3 Kg7 38. Bd5 axb4 39. axb4 b6 40. c6 Qd6 41. Rc1 Rc8 42. Qb3 Rc7 43. Qc4 Kf8 44. Bxf7 d3 45. Bd5 d2 46. Rd1 Qe5 47. Qe4 g5 48. Rxd2 Qxe4 49. Bxe4 Bc3 50. Rd6 Bxb4 51. Rxh6 Bc5 52. Rh8+ Ke7 53. Rh7+ Kd6 54. Rxc7 Kxc7 55. Kf1 b5 56. Ke2 Bd6 57. Kd3 Bc5 58. Ke2 b4 59. h4 gxh4 60. gxh4 b3 61. f4 b2 62. Kf3 b1Q 63. Bxb1 Kxc6 64. Kg4 Kd7 65. h5 Ke7 66. Kf5 Kf8 67. Kf6 Kg8 68. h6 Kh8 69. Kg6 Ba3 1/2-1/2

[Event "HUN-chT2 Toth 1415"]
[Site "Hungary"]
[Date "2014.09.21"]
[Round "2.5"]
[White "Pal, Imre"]
[Black "Toth, Kazmer"]
[Result "1-0"]
[WhiteElo "2141"]
[BlackElo "1933"]
[PlyCount "125"]
[EventDate "2014.09.07"]
[EventType "team-tourn"]
[EventRounds "11"]
[EventCountry "HUN"]
[SourceTitle "EXT 2016"]
[Source "ChessBase"]
[SourceDate "2015.10.08"]
[SourceVersion "1"]
[SourceVersionDate "2015.10.08"]
[SourceQuality "1"]
[WhiteTeam "Toth Laszlo"]
[BlackTeam "Felegyhaza Csongrad"]
[WhiteTeamCountry "HUN"]
[BlackTeamCountry "HUN"]

1. e4 d6 2. d4 g6 3. Nc3 Bg7 4. Be3 c6 5. Qd2 a5 6. a4 Na6 7. Nf3 Nf6 8. h3 Nb4 9. Be2 Bd7 10. 0-0 0-0 11. Ng5 Qc7 12. f4 e6 13. Nf3 d5 14. e5 Ne8 15. Nd1 b6 16. Nf2 f5 17. exf6 Nxf6 18. c3 Na6 19. Ne5 Qd6 20. Bd3 Nc7 21. b3 Be8 22. Qe2 Nh5 23. Nh1 Rb8 24. g4 Nf6 25. Ng3 Nd7 26. Bd2 Nxe5 27. fxe5 Qe7 28. g5 Bd7 29. h4 Rxf1+ 30. Rxf1 Rf8 31. h5 Be8 32. h6 Rxf1+ 33. Nxf1 Bf8 34. Nh2 Bf7 35. Ng4 Ne8 36. b4 Qa7 37. b5 c5 38. Be3 c4 39. Bb1 Qc7 40. Kg2 Be7 41. Kh3 Qd8 42. Kh4 Qd7 43. Qf2 Bd8 44. Bc1 Be7 45. Qf4 Qd8 46. Qg3 Kh8 47. Bf4 Qd7 48. Nf6 Qd8 49. Kh3 Qc8 50. Kg2 Qd8 51. Kh2 Bf8 52. Qf3 Be7 53. Kg2 Nxf6 54. exf6 Bd6 55. Qg3 Bxf4 56. Qxf4 Kg8 57. Qe5 Kh8 58. Bc2 Kg8 59. Bd1 Kf8 60. Bg4 Ke8 61. Bxe6 Bxe6 62. Qxe6+ Kf8 63. Kf3 1-0

[Event "HUN-chT2 Toth 1314"]
[Site "Hungary"]
[Date "2014.03.23"]
[Round "9.4"]
[White "Andriska, Zsolt"]
[Black "Toth, Kazmer"]
[Result "1-0"]
[WhiteElo "2013"]
[BlackElo "1974"]
[PlyCount "57"]
[EventDate "2013.09.08"]
[EventType "team-tourn"]
[EventRounds "11"]
[EventCountry "HUN"]
[SourceTitle "EXT 2016"]
[Source "ChessBase"]
[SourceDate "2015.10.08"]
[SourceVersion "1"]
[SourceVersionDate "2015.10.08"]
[SourceQuality "1"]
[WhiteTeam "Toth Laszlo II"]
[BlackTeam "Csongrad Felegyhaza"]
[WhiteTeamCountry "HUN"]
[BlackTeamCountry "HUN"]

1. e4 d6 2. d4 Nf6 3. f3 g6 4. Be3 Bg7 5. Bd3 c6 6. Ne2 Nbd7 7. c4 a6 8. a4 Qc7 9. Nbc3 e5 10. d5 c5 11. Qd2 h5 12. Bc2 b6 13. b3 Nf8 14. Nc1 Bd7 15. Nd3 a5 16. h3 Ng8 17. Nb5 Bxb5 18. axb5 Rb8 19. 0-0-0 Qe7 20. f4 exf4 21. Bxf4 Nd7 22. Rhe1 Kd8 23. Kb1 Ne5 24. Rf1 Kd7 25. Bxe5 dxe5 26. d6 Qe8 27. Nxc5+ bxc5 28. Qd5 Rb6 29. Rxf7+ 1-0

[Event "Senta-ch"]
[Site "Senta"]
[Date "2014.01.25"]
[Round "2"]
[White "Toth, Kazmer"]
[Black "Miljkovic, Vukasin"]
[Result "1-0"]
[WhiteElo "1978"]
[BlackElo "1683"]
[PlyCount "83"]
[EventDate "2014.01.24"]
[EventType "swiss"]
[EventRounds "9"]
[EventCountry "SRB"]
[SourceTitle "EXT 2016"]
[Source "ChessBase"]
[SourceDate "2015.10.08"]
[SourceVersion "1"]
[SourceVersionDate "2015.10.08"]
[SourceQuality "1"]

1. d4 f5 2. g3 Nf6 3. Bg2 d5 4. Nf3 e6 5. Ne5 Bd6 6. f4 c5 7. e3 c4 8. c3 Qc7 9. Nd2 Nbd7 10. Ndf3 Nf8 11. 0-0 Ng6 12. Ng5 0-0 13. Bf3 Bxe5 14. fxe5 Ne4 15. Bxe4 fxe4 16. Bd2 h6 17. Qh5 hxg5 18. Qxg6 Rxf1+ 19. Rxf1 Qe7 20. Rf6 Bd7 21. Qxg5 Rf8 22. Rxf8+ Qxf8 23. Qf4 Qf5 24. g4 Qxf4 25. exf4 g6 26. Kg2 Kg7 27. Kg3 a5 28. Kh4 b5 29. a3 a4 30. Kg5 Be8 31. Be3 Bd7 32. h4 Be8 33. f5 Bf7 34. fxg6 Bxg6 35. h5 Bh7 36. Kh4 Kf7 37. g5 Bf5 38. g6+ Kf8 39. Kg5 Kg7 40. h6+ Kg8 41. Kf6 Kh8 42. Kf7 1-0

[Event "Senta-ch"]
[Site "Senta"]
[Date "2014.01.24"]
[Round "1"]
[White "Boros, Aron"]
[Black "Toth, Kazmer"]
[Result "0-1"]
[WhiteElo "1420"]
[BlackElo "1978"]
[PlyCount "74"]
[EventDate "2014.01.24"]
[EventType "swiss"]
[EventRounds "9"]
[EventCountry "SRB"]
[SourceTitle "EXT 2016"]
[Source "ChessBase"]
[SourceDate "2015.10.08"]
[SourceVersion "1"]
[SourceVersionDate "2015.10.08"]
[SourceQuality "1"]

1. e4 d6 2. Nf3 Nf6 3. Nc3 g6 4. d4 c6 5. Bc4 b5 6. Bb3 Bg7 7. 0-0 b4 8. e5 dxe5 9. dxe5 Qxd1 10. Nxd1 Nd5 11. Bxd5 cxd5 12. Ne3 e6 13. Bd2 Nc6 14. c3 bxc3 15. Bxc3 0-0 16. Ng4 Rd8 17. Rad1 Ba6 18. Rfe1 Rac8 19. Nf6+ Bxf6 20. exf6 h6 21. Bd2 Kh7 22. a4 Bc4 23. Bc3 Bb3 24. Rd2 Bxa4 25. Nd4 Nxd4 26. Bxd4 a6 27. Ra1 Bb5 28. Bb6 Rd6 29. Bd4 Rdc6 30. Rdd1 g5 31. Be3 Kg6 32. Bd4 Kf5 33. h3 e5 34. g4+ Kxf6 35. Be3 d4 36. Bd2 Rc2 37. Ba5 Rxb2 0-1